01264nam a2200301 i 4500003000900000005001700009008004100026040004300067041000800110082002600118092000700144099003400151100002800185245019900213264004100412300002300453336002400476337002800500338004300528504003700571546002400608650005200632856005700684905000700741942001900748999001700767952017800784EG-GICUC20260121101526.0251220s1888    fr ||||fr|||| 00| 0 fre d  aEG-GiCUCbfrecEG-GiCUCdEG-GiCUCeRda  afre04221a341.83044bVI . D04221  aLaw1 12	341.83044 VI . D 18881 aVincent, RenéeAuteur10aDroit International Privé :bLes Étrangers Devant Les Tribunaux Français; Clause Du "Libre Et Facile Accès" Clause Du "Traitement De La Nation La Plus Favorisée" /cpar René Vincent. 1aParis :bL. Larose et Forcel,c1888.  a36 pages ;c23 cm.  2rda contenua texte  2rda  mediasaOrdinateur  2 transporteur rdaa Ressource en ligne  aInclude Bibliographic references  aTexte en français14aÉtrangers xPrivate international lawzFrance40uhttps://fll.law.cu.edu.eg/fulltext/bks/B12-01657.pdf  a75  2ddcn0cBKe21  c51784d51784  00102ddc40718القانون الدولي الخاصaCUbLAW1d2025-12-20l0oLaw1 12	341.83044 VI . D 1888 1201657	C1pB12-01657r2025-12-20 09:16:00t1w2025-12-20yBK